Statistics for Richest Island Countries

Click here to take the quiz!

General Stats

  • This quiz has been taken 65,631 times
    (24,002 since last reset)
  • The average score is 9 of 11

Answer Stats

GDP per capitaCountry% Correct
$54,000New Zealand
90%
$51,800Japan
89%
$56,500United Kingdom
89%
$145,000Ireland
86%
$61,900Malta
84%
$134,000Singapore
82%
$69,800Iceland
81%
$73,300Taiwan
77%
$54,600Cyprus
76%
$60,600Bahrain
59%
$75,600Brunei
53%

Score Distribution

Percentile by Number Answered

Percent of People with Each Score

Your Score History

You have not taken this quiz since the last reset